Domestic violence and the human rights act 1998: a new means of legal intervention? (Record no. 72751)

000 -LEADER
fixed length control field 00456pab a2200169 454500
008 - FIXED-LENGTH DATA ELEMENTS--GENERAL INFORMATION
fixed length control field 180718b2006 xxu||||| |||| 00| 0 eng d
100 ## - MAIN ENTRY--PERSONAL NAME
Personal name Choudhry, Shazia
245 ## - TITLE STATEMENT
Title Domestic violence and the human rights act 1998: a new means of legal intervention?
260 ## - PUBLICATION, DISTRIBUTION, ETC.
Date of publication, distribution, etc. 2006
300 ## - PHYSICAL DESCRIPTION
Extent p.752-84.
362 ## - DATES OF PUBLICATION AND/OR SEQUENTIAL DESIGNATION
Dates of publication and/or sequential designation Winter
650 ## - SUBJECT ADDED ENTRY--TOPICAL TERM
Topical term or geographic name entry element Human rights
650 ## - SUBJECT ADDED ENTRY--TOPICAL TERM
Topical term or geographic name entry element Domestic violence
700 ## - ADDED ENTRY--PERSONAL NAME
Personal name Herring, Jonathan
773 ## - HOST ITEM ENTRY
Main entry heading Public Law
909 ## -
-- 72751
Holdings
Withdrawn status Lost status Damaged status Not for loan Permanent Location Current Location Date acquired Barcode Date last seen Price effective from Koha item type
        Indian Institute of Public Administration Indian Institute of Public Administration 2018-07-19 AR73211 2018-07-19 2018-07-19 Articles

Powered by Koha